[Event "Leisure Knockout Tournament"]
[Site "SchemingMind.com"]
[Date "2009.02.19"]
[Round "-"]
[White "Kobiahshi"]
[Black "Zerstörer"]
[Result "0-1"]
[WhiteCountry "USA"]
[BlackCountry "ITA"]
[WhiteElo "1644"]
[WhiteRD "68"]
[BlackElo "2047"]
[BlackRD "82"]
[GameID "192971"]

1. d4 Nf6 2. c4 g6 3. Nc3 d5 4. cxd5 Nxd5 5. e4 Nxc3 6. bxc3 Bg7 7. Nf3 c5 8. Rb1 O-O 9. Be2 cxd4 10. cxd4 Qa5+
11. Bd2 Qxa2 12. O-O Bg4 13. Be3 b6 14. Ra1 Qe6 15. h3 Bxf3 16. Bxf3 Nd7 17. e5 Rad8 18. Qa4 a5 19. Qb5 Nxe5 20. dxe5 Bxe5
21. Rad1 Bc7 22. Rfe1 Qf6 23. Qg5 Rxd1 24. Bxd1 Qxg5 25. Bxg5 e6 26. Ba4 f6 27. Bh6 Rd8 28. Be3 e5 29. Bh6 Kf7 30. Rd1 Rxd1+
31. Bxd1 b5 32. Bd2 Ke7 33. Bb3 g5 34. Kf1 Bb6 35. f3 Kd6 36. Ke2 a4 37. Ba2 Bd4 38. Bb4+ Bc5 39. Bxc5+ Kxc5 40. Kd2 b4
41. Bg8 Kd4 42. Bxh7 b3 43. Bg8 f5 44. Be6 e4 45. fxe4 fxe4 46. g4 e3+ 47. Ke2 Kc3 48. Kxe3 a3
0-1

[Event "Leisure Knockout Tournament"]
[Site "SchemingMind.com"]
[Date "2009.02.19"]
[Round "-"]
[White "Zerstörer"]
[Black "Kobiahshi"]
[Result "0-1"]
[WhiteCountry "ITA"]
[BlackCountry "USA"]
[WhiteElo "2048"]
[WhiteRD "84"]
[BlackElo "1634"]
[BlackRD "64"]
[GameID "192975"]

1. e4 c5 2. Nf3 d6 3. d4 cxd4 4. Nxd4 Nf6 5. Nc3 g6 6. f3 Bg7 7. Be3 Nc6 8. Qd2 O-O 9. O-O-O Qa5 10. Kb1 Nxd4
11. Bxd4 Be6 12. a3 a6 13. Qf2 Qc7 14. Bd3 b5 15. Ne2 Rab8 16. Nf4 Bc4 17. Bxc4 Qxc4 18. Bxf6 Bxf6 19. Nd5 b4 20. axb4 Rxb4
21. Nxf6+ exf6 22. Rd2 Qc3 23. b3 Rfb8 24. Rd3 Rxb3+ 25. cxb3 Rxb3+ 26. Ka2 Ra3+
0-1

[Event "Leisure Knockout Tournament"]
[Site "SchemingMind.com"]
[Date "2009.02.19"]
[Round "-"]
[White "Theodoric"]
[Black "lemmie"]
[Result "1/2-1/2"]
[WhiteCountry "ENG"]
[BlackCountry "NED"]
[WhiteElo "2020"]
[WhiteRD "70"]
[BlackElo "1762"]
[BlackRD "51"]
[GameID "193113"]

1. e4 e5 2. Nf3 Nc6 3. Bc4 Bc5 4. c3 a6 5. d4 exd4 6. cxd4 Bb4+ 7. Bd2 Bxd2+ 8. Nbxd2 d6 9. O-O Nf6 10. Re1 O-O
11. Nb3 b5 12. Bd3 Bb7 13. e5 dxe5 14. Nxe5 Nxe5 15. dxe5 Nd5 16. Be4 Rb8 17. Nc5 c6 18. Nxb7 Rxb7 19. Rc1 h6 20. Rxc6 Rd7
21. Rxh6 Nf6 22. Qe2 Nxe4 23. Rxa6 Nc5 24. Rc6 Nd3 25. Rf1 Nf4 26. Qxb5 Rd1 27. g3 Rxf1+ 28. Qxf1 Ne6 29. Rd6 Qb8 30. b3 Rd8
31. Rxd8+ Qxd8 32. f4 Qd2 33. Qa6 Qe1+=
1/2-1/2

[Event "Leisure Knockout Tournament"]
[Site "SchemingMind.com"]
[Date "2009.02.19"]
[Round "-"]
[White "lemmie"]
[Black "Theodoric"]
[Result "1/2-1/2"]
[WhiteCountry "NED"]
[BlackCountry "ENG"]
[WhiteElo "1762"]
[WhiteRD "51"]
[BlackElo "2020"]
[BlackRD "70"]
[GameID "193117"]

1. e4 e6 2. Nf3 d5 3. exd5 exd5 4. d4 Nf6 5. Bg5 Be7 6. Bd3 Nc6 7. Nc3 Bg4 8. h3 Be6 9. O-O Qd7 10. Re1 O-O
11. Ne5 Nxe5 12. dxe5 Ne4 13. Nxe4 dxe4 14. Bxe7 Qxe7 15. Rxe4 f5 16. exf6 Qxf6 17. Re2 Rad8 18. Qe1 Bd5 19. Be4 Bxe4 20. Rxe4 Qxb2
21. Re7 Qf6 22. Rxc7 Rd2 23. f3 Qb6+ 24. Kh1 Rxg2 25. Kxg2 Qxc7 26. Qe6+ Kh8 27. c4 Qf4 28. Rf1 Qg5+ 29. Qg4=
1/2-1/2

[Event "Leisure Knockout Tournament"]
[Site "SchemingMind.com"]
[Date "2009.02.20"]
[Round "-"]
[White "reo"]
[Black "palomo"]
[Result "1-0"]
[WhiteCountry "THA"]
[BlackCountry "ARG"]
[WhiteElo "1836"]
[WhiteRD "70"]
[BlackElo "1537"]
[BlackRD "89"]
[GameID "193260"]

1. d4 d5 2. c4 e6 3. Nc3 Nf6 4. Nf3 c6 5. e3 dxc4 6. Bxc4 a6 7. O-O b5 8. Bd3 Be7 9. e4 O-O 10. Re1 Nbd7
11. Qc2 Qc7 12. e5 Nh5 13. Bxh7+ Kh8 14. Re4 Rd8 15. Bg5 Bxg5 16. Nxg5 f5 17. Rh4 Nf8 18. Rxh5 Nxh7 19. Rxh7+ Kg8 20. Qe2 Bd7
21. Qh5
1-0

[Event "Leisure Knockout Tournament"]
[Site "SchemingMind.com"]
[Date "2009.02.20"]
[Round "-"]
[White "palomo"]
[Black "reo"]
[Result "0-1"]
[WhiteCountry "ARG"]
[BlackCountry "THA"]
[WhiteElo "1537"]
[WhiteRD "89"]
[BlackElo "1836"]
[BlackRD "70"]
[GameID "193263"]

1. e4 e5 2. Nf3 Nc6 3. Nc3 g6 4. Bc4 Nf6 5. Bb3 Bg7 6. O-O O-O 7. Re1 d6 8. h3 Nd4 9. Nxd4 exd4 10. Nb5 Re8
11. d3 Nd7 12. Na3 a5 13. Nc4 a4 14. Nxd6 cxd6 15. Bc4 Ne5 16. Bd5 Ra7 17. Bf4 b5 18. Qd2 Bxh3 19. Bxe5 Rxe5 20. gxh3 Qh4
21. Kh2 Bh6 22. Qe2 Bf4+
0-1

[Event "Leisure Knockout Tournament"]
[Site "SchemingMind.com"]
[Date "2009.02.21"]
[Round "-"]
[White "Mitchell-in"]
[Black "sidra"]
[Result "1-0"]
[WhiteCountry "ENG"]
[BlackCountry "HUN"]
[WhiteElo "1721"]
[WhiteRD "58"]
[BlackElo "1618"]
[BlackRD "84"]
[GameID "193366"]

1. e4 e5 2. Nf3 d6 3. Bc4 h6 4. d4 exd4 5. Nxd4 a6 6. Nc3 c5 7. Nf5 Nf6 8. O-O b5 9. Bd5 Nxd5 10. Qxd5 Ra7
11. Bf4 Bb7 12. Qd2 b4 13. Nd5 Bxd5 14. Qxd5 Rd7 15. Rad1 g6 16. Nxd6+ Bxd6 17. Bxd6 f6 18. Qe6+ Re7 19. Bxe7 Qxe7 20. Qc8+ Kf7
21. Qxh8 Nd7 22. Qh7+ Ke8 23. Qxe7+ Kxe7 24. f4 a5 25. Rd5 a4 26. Rfd1 Nb6 27. Rxc5 Nd7 28. Rc7 b3 29. Rcxd7+ Ke8 30. cxb3 axb3
31. axb3 f5 32. Ra7 fxe4 33. Rdd7 e3 34. Rh7 h5 35. Rh8#
1-0

[Event "Leisure Knockout Tournament"]
[Site "SchemingMind.com"]
[Date "2009.02.21"]
[Round "-"]
[White "sidra"]
[Black "Mitchell-in"]
[Result "0-1"]
[WhiteCountry "HUN"]
[BlackCountry "ENG"]
[WhiteElo "1648"]
[WhiteRD "87"]
[BlackElo "1731"]
[BlackRD "62"]
[GameID "193372"]

1. d4 d5 2. e3 c5 3. c4 cxd4 4. exd4 Nf6 5. f3 Nc6 6. c5 Bf5 7. Nc3 e5 8. dxe5 Nxe5 9. b4 a5 10. Bb5+ Nc6
11. bxa5 Bxc5 12. Bxc6+ bxc6 13. Bd2 O-O 14. Na4 Re8+ 15. Ne2 Bd3 16. Nc3 d4 17. Ne4 Nxe4 18. fxe4 Rxe4 19. Kf2 Rxe2+ 20. Kf3 Qd5+
21. Kg3 Qxg2+ 22. Kf4 g5#
0-1

[Event "Leisure Knockout Tournament"]
[Site "SchemingMind.com"]
[Date "2009.02.24"]
[Round "-"]
[White "BlueMooner"]
[Black "lame wolf"]
[Result "1-0"]
[WhiteCountry "ENG"]
[BlackCountry "INT"]
[WhiteElo "1834"]
[WhiteRD "81"]
[BlackElo "1107"]
[BlackRD "47"]
[GameID "193514"]

1. e4 d5 2. exd5 Qxd5 3. Nc3 Qd8 4. Nf3 e6 5. d4 Bd6 6. Be3 Bd7 7. Bd3 Bb4 8. O-O Bxc3 9. bxc3 Nc6 10. Qe2 a6
11. a4 Nf6 12. Bg5 O-O 13. Ne5 Nxe5 14. dxe5 Qc8 15. exf6 g6 16. Qg4 e5 17. Qh4 Bf5 18. Qh6 Qe6 19. Qg7#
1-0

[Event "Leisure Knockout Tournament"]
[Site "SchemingMind.com"]
[Date "2009.02.22"]
[Round "-"]
[White "JLD"]
[Black "ApolloM"]
[Result "0-1"]
[WhiteCountry "USA"]
[BlackCountry "CZE"]
[WhiteElo "1922"]
[WhiteRD "138"]
[BlackElo "2183"]
[BlackRD "105"]
[GameID "193515"]

1. e4 e6 2. d4 d5 3. Nc3 Nf6 4. Bg5 Be7 5. e5 Nfd7 6. Bxe7 Qxe7 7. f4 O-O 8. Nf3 c5 9. Qd2 Nc6 10. dxc5 Nxc5
11. O-O-O a6 12. Bd3 Bd7 13. Qe3 Nxd3+ 14. cxd3 f6 15. Ne2 fxe5 16. Nxe5 Nxe5 17. Qxe5 Rf5 18. Qd4 Raf8 19. g4 e5 20. Qxd5+ R5f7
21. Qxe5 Bxg4 22. Rde1 Qd8
0-1

[Event "Leisure Knockout Tournament"]
[Site "SchemingMind.com"]
[Date "2009.02.23"]
[Round "-"]
[White "lame wolf"]
[Black "BlueMooner"]
[Result "0-1"]
[WhiteCountry "INT"]
[BlackCountry "ENG"]
[WhiteElo "1107"]
[WhiteRD "47"]
[BlackElo "1834"]
[BlackRD "81"]
[GameID "193521"]

1. g4 d5 2. d3 e5 3. g5 c5 4. h4 f6 5. Bh3 Be7 6. Bxc8 Qxc8 7. f4 Nc6 8. Nc3 Qd7 9. fxe5 fxe5 10. e4 dxe4
11. Nxe4 O-O-O 12. Bd2 Bd6 13. Qe2 Nd4 14. Qd1 Ne7 15. Rh3 Rhf8 16. Nf3 Qxh3 17. Be3 Nxf3+ 18. Ke2 Qg2+
0-1

[Event "Leisure Knockout Tournament"]
[Site "SchemingMind.com"]
[Date "2009.02.22"]
[Round "-"]
[White "ApolloM"]
[Black "JLD"]
[Result "1-0"]
[WhiteCountry "CZE"]
[BlackCountry "USA"]
[WhiteElo "2183"]
[WhiteRD "105"]
[BlackElo "1922"]
[BlackRD "138"]
[GameID "193522"]

1. e4 Nf6 2. e5 Nd5 3. d4 d6 4. Nf3 Bg4 5. Be2 c6 6. O-O Bxf3 7. Bxf3 dxe5 8. dxe5 e6 9. Qe2 Nd7 10. Re1 Qc7
11. h3 Bc5 12. Nd2 Nf4 13. Qe4 Ng6 14. b4 Be7 15. Nc4 O-O 16. a3 Rac8 17. Bb2 b5 18. Na5 c5 19. Nc6 Nb6 20. Qd3
1-0

[Event "Leisure Knockout Tournament"]
[Site "SchemingMind.com"]
[Date "2009.02.24"]
[Round "-"]
[White "Manfred Kraut"]
[Black "surkimus"]
[Result "0-1"]
[WhiteCountry "GER"]
[BlackCountry "FIN"]
[WhiteElo "1406"]
[WhiteRD "68"]
[BlackElo "1921"]
[BlackRD "117"]
[GameID "193845"]

1. d4 d5 2. Nf3 g6 3. e3 Bg7 4. Bd3 Bg4 5. Nbd2 e6 6. O-O Ne7 7. Qe1 Bxf3 8. Nxf3 O-O 9. e4 dxe4 10. Bxe4 c6
11. c3 Nd7 12. Bg5 Nb6 13. Rd1 Qc7 14. g3 h6 15. Bxe7 Qxe7 16. b4 Rfd8 17. a4 Nd5 18. b5 Qa3 19. bxc6 bxc6 20. Ne5 Bxe5
21. dxe5 Qxa4 22. Ra1 Qc4 23. Qc1 Qxe4 24. c4 Ne7 25. Re1 Qd3 26. Re3 Qd2 27. Qb1 Nf5 28. Rf3 Rab8 29. Qf1 Rd7 30. Re1 a5
31. Ra3 Rbd8 32. Kg2 Rd3 33. Rxd3 Rxd3 34. Kh3 g5 35. Kg4 Kg7 36. Kh5 g4 37. f4 Qxh2+ 38. Kxg4 Rxg3#
0-1

[Event "Leisure Knockout Tournament"]
[Site "SchemingMind.com"]
[Date "2009.02.24"]
[Round "-"]
[White "surkimus"]
[Black "Manfred Kraut"]
[Result "1-0"]
[WhiteCountry "FIN"]
[BlackCountry "GER"]
[WhiteElo "1921"]
[WhiteRD "117"]
[BlackElo "1406"]
[BlackRD "68"]
[GameID "193852"]

1. e4 c5 2. Nf3 g6 3. d4 cxd4 4. Nxd4 Bg7 5. Nc3 Nf6 6. Be3 O-O 7. f3 d6 8. Qd2 e5 9. Ndb5 Ne8 10. O-O-O Be6
11. Nxd6 Nxd6 12. Qxd6 Qxd6 13. Rxd6 Nc6 14. Bb5 a6 15. Bxc6 bxc6 16. Rxc6 Rfc8 17. Rxc8+ Rxc8 18. Rd1 h5 19. Nd5 Kh7 20. b3 Bh6
21. Bxh6 Kxh6 22. Kb2 f5 23. exf5 Bxf5 24. c4 h4 25. Ne7 Rf8 26. Nxf5+ Rxf5 27. Rd2 Kh5 28. Rc2 g5 29. c5 Rf8 30. c6 g4
31. fxg4+ Kxg4 32. b4 e4 33. c7 Rc8 34. a4 Kf4 35. g3+ hxg3 36. hxg3+
1-0

[Event "Leisure Knockout Tournament"]
[Site "SchemingMind.com"]
[Date "2009.03.04"]
[Round "-"]
[White "z"]
[Black "griffimv"]
[Result "0-1"]
[WhiteCountry "IRQ"]
[BlackCountry "INT"]
[WhiteElo "1855"]
[WhiteRD "82"]
[BlackElo "2288"]
[BlackRD "101"]
[GameID "194204"]

1. d4 Nf6 2. c4 g6 3. Nc3 Bg7 4. e4 d6 5. f3 O-O 6. Be3 c5 7. Nge2 Nc6 8. d5 Ne5 9. Nc1 e6 10. Be2 exd5
11. cxd5 a6 12. a4 h5 13. h3 Nh7 14. O-O Ng5 15. f4 Nxh3+ 16. gxh3 Qh4 17. Qe1 Qxh3 18. Qf2 Ng4 19. Bxg4 Bxg4 20. Ra3 b5
21. axb5 axb5 22. Nxb5 Rxa3 23. bxa3 Rb8 24. Nxd6 Rb2 25. Nc4 Bf3 26. Qxb2 Qh1+ 27. Kf2 Qg2+ 28. Ke1 Bxb2 29. Nxb2 Bg4 30. Bxc5 Qxe4+
31. Kd2 Qxd5+ 32. Ncd3 h4 33. Kc3 h3 34. Rf2 Qh1 35. Ne5 Qe1+ 36. Kc4 Bh5 37. Ned3 Qh1 38. a4 h2 39. f5 Qe4+ 40. Bd4 h1=Q
41. a5 Qd5+ 42. Kc3 Qxa5+ 43. Kc4 Qc6+ 44. Nc5 Qcb5+ 45. Kd5 Qd8+ 46. Ke4 gxf5+ 47. Rxf5 Bg6 48. Kf4 Qxd4+ 49. Kg5 Qg1+ 50. Kf6 Qc6+
51. Ke7 Bxf5 52. Nbd3 Qgxc5+ 53. Nxc5 Qe6+ 54. Nxe6 Bxe6 55. Kf6 Kh7 56. Kg5 Bc8 57. Kf6 Be6 58. Kg5 Kg7 59. Kf4 Kf6 60. Ke4 Bd5+
61. Kf4 Bb7 62. Kg3 Kg5 63. Kf2 Kf4 64. Ke2 f5 65. Kf2 Ba6 66. Kg2 Ke3
0-1

[Event "Leisure Knockout Tournament"]
[Site "SchemingMind.com"]
[Date "2009.03.04"]
[Round "-"]
[White "griffimv"]
[Black "z"]
[Result "1-0"]
[WhiteCountry "INT"]
[BlackCountry "IRQ"]
[WhiteElo "2327"]
[WhiteRD "95"]
[BlackElo "1884"]
[BlackRD "73"]
[GameID "194205"]

1. e4 c5 2. Nf3 d6 3. d4 cxd4 4. Nxd4 Nf6 5. Nc3 e6 6. g4 h6 7. h3 Nc6 8. Be3 a6 9. Bg2 Qc7 10. f4 Bd7
11. Qe2 O-O-O 12. Qf2 Be8 13. O-O-O Kb8 14. Nxc6+ Qxc6 15. e5 Nd5 16. Nxd5 exd5 17. Bxd5 Qb5 18. Rhe1 dxe5 19. Ba7+ Kc8 20. Rxe5 Bd7
21. Bb6 Qa4 22. Bxd8 Kxd8 23. Qb6+
1-0

[Event "Leisure Knockout Tournament"]
[Site "SchemingMind.com"]
[Date "2009.03.02"]
[Round "-"]
[White "Belfagor"]
[Black "jtrochez1"]
[Result "1-0"]
[WhiteCountry "ITA"]
[BlackCountry "HON"]
[WhiteElo "1811"]
[WhiteRD "88"]
[BlackElo "1534"]
[BlackRD "51"]
[GameID "194551"]

1. e4 e5 2. Nf3 Bd6 3. d4 Nc6 4. d5 Nb8 5. c4 Bb4+ 6. Bd2 Bxd2+ 7. Nbxd2 d6 8. c5 Bg4 9. Be2 Bxf3 10. Nxf3 Nd7
11. cxd6 cxd6 12. O-O Ngf6 13. Nd2 O-O 14. b4 a6 15. a4 Rc8 16. Rc1 Rxc1 17. Qxc1 Qc8 18. Qb1 Qc3 19. Nc4 Nxe4 20. Qxe4 Qxb4
21. Rb1 Qc5 22. Rxb7 Nf6 23. Qb1 Qxd5 24. Rb6 Ne4 25. Rxa6 f5 26. Qd3 Qxd3 27. Bxd3 d5 28. Nxe5 Re8 29. Bxe4 Rxe5 30. Bd3 g6
31. Kf1 Re8 32. Rd6 Re5 33. Rxd5 Re7 34. a5 Kf8 35. a6 Rc7 36. Ra5 Ke7 37. a7
1-0

[Event "Leisure Knockout Tournament"]
[Site "SchemingMind.com"]
[Date "2009.03.01"]
[Round "-"]
[White "adub"]
[Black "Nettundfrech"]
[Result "0-1"]
[WhiteCountry "USA"]
[BlackCountry "AUT"]
[WhiteElo "1422"]
[WhiteRD "100"]
[BlackElo "1640"]
[BlackRD "130"]
[GameID "194552"]

1. c4 e5 2. Nc3 Nf6 3. d3 d5 4. e3 Bf5 5. f3 dxc4 6. dxc4 Qxd1+ 7. Nxd1 Bc5 8. Ne2 Bd3 9. Ndc3 Bxc4 10. b3 Ba6
11. Ng3 O-O 12. Bxa6 Nxa6 13. a3 Rad8 14. b4 Bb6 15. Na4 Rd3 16. Nxb6 cxb6 17. O-O Nc7 18. Rf2 Rfd8 19. e4 Nb5 20. Bb2 Nc3
21. Bxc3 Rxc3 22. Rff1 Rdd3 23. a4 g6 24. Ne2 Ra3 25. Rfb1 Kg7 26. Kf2 Rdb3 27. Rxb3 Rxa1 28. Nc3 Nh5 29. g3 f5 30. Rb1 Ra3
31. Rc1 Nf6 32. Ke3 a6 33. b5 fxe4 34. fxe4 Ng4+ 35. Kd3 Nxh2 36. Kc4 Ng4 37. Kb4 Rxc3 38. Rxc3 a5+ 39. Kc4 h5 40. Kd5 Kf6
41. Rc7 Ne3+ 42. Kd6 g5 43. Rxb7 h4 44. Kc7 hxg3 45. Rxb6+ Kg7 46. Rc6 g2 47. Rc1 Nf1 48. b6 g1=Q 49. b7 Qe3 50. b8=Q= Qxc1+
51. Kd6 Qd2+ 52. Ke6 Qa2+ 53. Kf5= Ne3+ 54. Kxg5 Qg2+ 55. Kh5 Qg4#
0-1

[Event "Leisure Knockout Tournament"]
[Site "SchemingMind.com"]
[Date "2009.03.02"]
[Round "-"]
[White "efreddy"]
[Black "maro"]
[Result "1-0"]
[WhiteCountry "BEL"]
[BlackCountry "MEX"]
[WhiteElo "2154"]
[WhiteRD "148"]
[BlackElo "1340"]
[BlackRD "48"]
[GameID "194553"]

1. e4 e5 2. Nf3 Nc6 3. Bb5 Nge7 4. O-O a6 5. Ba4 b5 6. Bb3 Bb7 7. a4 b4 8. a5 g6 9. d4 Bg7 10. d5 Nd4
11. Nxd4 exd4 12. Bg5 d6 13. Ba4+ c6 14. dxc6 Bxc6 15. Bxc6+ Kf8 16. Bxa8 Qxa8 17. Bxe7+ Kxe7 18. Nd2 Rc8 19. Nf3 Qxe4 20. Re1
1-0

[Event "Leisure Knockout Tournament"]
[Site "SchemingMind.com"]
[Date "2009.03.03"]
[Round "-"]
[White "jtrochez1"]
[Black "Belfagor"]
[Result "0-1"]
[WhiteCountry "HON"]
[BlackCountry "ITA"]
[WhiteElo "1578"]
[WhiteRD "51"]
[BlackElo "1759"]
[BlackRD "99"]
[GameID "194555"]

1. e4 d5 2. exd5 Nf6 3. Nc3 Nxd5 4. Nxd5 Qxd5 5. Qf3 Qd8 6. Bc4 e6 7. d3 Nc6 8. Ne2 Bd6 9. a3 Ne5 10. Qh3 Nxc4
11. dxc4 Bd7 12. O-O Qf6 13. Nc3 Bc6 14. f3 Qd4+ 15. Kh1 Qxc4 16. Bd2 O-O-O 17. b3 Qd4 18. Rfd1 Qf6 19. Ne4 Bxe4 20. fxe4 Be5
21. Rab1 Qg6 22. Qf3 Rd4 23. Bf4 Rxe4 24. Bxe5 Rxe5 25. c4 Qf5 26. Qxf5 Rxf5 27. Kg1 Rd8 28. Rxd8+ Kxd8 29. Rf1 Rxf1+ 30. Kxf1 Kd7
31. Ke2 Kd6 32. Ke3 Ke5 33. g4 f5 34. gxf5 exf5 35. h3 f4+
0-1

[Event "Leisure Knockout Tournament"]
[Site "SchemingMind.com"]
[Date "2009.03.01"]
[Round "-"]
[White "Nettundfrech"]
[Black "adub"]
[Result "0-1"]
[WhiteCountry "AUT"]
[BlackCountry "USA"]
[WhiteElo "1498"]
[WhiteRD "161"]
[BlackElo "1413"]
[BlackRD "108"]
[GameID "194556"]

1. e4 c5 2. Nf3 Nc6 3. d4 cxd4 4. Nxd4 e5 5. Nf3 Nf6 6. Nc3 Bb4 7. Bd3 d5 8. exd5 Nxd5 9. Bd2 O-O 10. O-O Re8
11. Re1 Bg4 12. Re4 Nf6 13. Bg5 Bxc3 14. bxc3 Bh5 15. Qe2 h6 16. Bh4 g5 17. Bg3 Nxe4 18. Qxe4 Bg6 19. Qe2 e4
0-1

[Event "Leisure Knockout Tournament"]
[Site "SchemingMind.com"]
[Date "2009.03.02"]
[Round "-"]
[White "maro"]
[Black "efreddy"]
[Result "0-1"]
[WhiteCountry "MEX"]
[BlackCountry "BEL"]
[WhiteElo "1340"]
[WhiteRD "48"]
[BlackElo "2154"]
[BlackRD "148"]
[GameID "194557"]

1. e4 c5 2. d4 cxd4 3. Qxd4 Nc6 4. Qe3 Nf6 5. e5 Ng4 6. Qf4 Ngxe5 7. Be3 d5 8. Bb5 a6 9. Bxc6+ Nxc6 10. Nd2 d4
11. Bxd4 Qxd4 12. Qxd4 Nxd4 13. O-O-O Bf5 14. f4 Nxc2 15. Ngf3 Rc8 16. Ne1 Nxe1+
0-1

[Event "Leisure Knockout Tournament"]
[Site "SchemingMind.com"]
[Date "2009.04.09"]
[Round "-"]
[White "jl1234"]
[Black "smothered mate"]
[Result "1-0"]
[WhiteCountry "POL"]
[BlackCountry "POL"]
[WhiteElo "1784"]
[WhiteRD "71"]
[BlackElo "1868"]
[BlackRD "56"]
[GameID "199667"]

1. d4 d5 2. c4 e6 3. c5 Nf6 4. Nf3 b6 5. b4 a5 6. b5 bxc5 7. e3 c4 8. a3 Bd7 9. Nc3 Be7 10. Ne5 O-O
11. Be2 Qe8 12. Rb1 Ra7 13. O-O Rb7 14. a4 Bb4 15. Na2 Qe7 16. Nxb4 axb4 17. Bd2 c3 18. Be1 Ne8 19. Nd3 Bxb5 20. axb5 Rxb5
21. Bxc3 Nc6 22. Qa4 Ra5 23. Qxc6 bxc3 24. Qxc3 Ra3 25. Qc5 Qxc5 26. Nxc5 Nd6 27. Rfc1 Re8 28. Ra1 Rxa1 29. Rxa1 f5 30. f3 Kf7
31. Ra7 Re7 32. Na6 Ne8 33. Nb4 g5 34. Nc6 Rd7 35. Ne5+
1-0

[Event "Leisure Knockout Tournament"]
[Site "SchemingMind.com"]
[Date "2009.04.12"]
[Round "-"]
[White "Nettundfrech"]
[Black "surkimus"]
[Result "0-1"]
[WhiteCountry "AUT"]
[BlackCountry "FIN"]
[WhiteElo "1508"]
[WhiteRD "114"]
[BlackElo "1942"]
[BlackRD "84"]
[GameID "199946"]

1. e4 e5 2. Nf3 Nc6 3. d4 exd4 4. Nxd4 Nxd4 5. Qxd4 Qf6 6. Be3 Bd6 7. f4 Qxd4 8. Bxd4 f6 9. e5 Be7 10. Bc4 fxe5
11. Bxe5 Bf6 12. O-O d6 13. Bc3 Bxc3 14. Nxc3 Nf6 15. Rae1+ Kd8 16. g3 Bd7 17. Rf2 c6 18. Rfe2 d5 19. Bd3 Re8 20. Rxe8+ Bxe8
21. Bf5 Bd7 22. Bxd7 Kxd7 23. Kg2 Re8 24. Rxe8 Kxe8 25. Kf3 Ke7 26. h3 Nd7 27. g4 Nc5 28. Ke3 Kd6 29. Kd4 Ne6+ 30. Kd3 Nxf4+
31. Ke3 Nxh3 32. Kf3 Ke5 33. Ne2 g5
0-1

[Event "Leisure Knockout Tournament"]
[Site "SchemingMind.com"]
[Date "2009.04.11"]
[Round "-"]
[White "surkimus"]
[Black "Nettundfrech"]
[Result "1-0"]
[WhiteCountry "FIN"]
[BlackCountry "AUT"]
[WhiteElo "1942"]
[WhiteRD "84"]
[BlackElo "1508"]
[BlackRD "114"]
[GameID "199956"]

1. e4 c5 2. Nf3 d6 3. d4 cxd4 4. Nxd4 Nc6 5. Bb5 Bd7 6. O-O Nxd4 7. Bxd7+ Qxd7 8. Qxd4 Rc8 9. b3 Rxc2 10. Na3 Rc7
11. Qxa7 b5 12. Qb8+ Rc8 13. Qxb5 Nf6 14. Qxd7+ Kxd7 15. f3 g6 16. Bb2 Bg7 17. Rac1 Rxc1 18. Rxc1 Rc8 19. Rxc8 Kxc8 20. Kf1 Kd7
21. Ke2 e5 22. Kd3 Ke6 23. Nc4 Ne8 24. a4 f5 25. Ne3 Bf8 26. Nd5 Nf6 27. Nxf6 Kxf6 28. b4 Ke6 29. Kc4 Kd7 30. Kd5 Bh6
31. Bc3 Bf4 32. h3 Be3 33. b5 h6 34. Bb4 fxe4 35. fxe4
1-0

[Event "Leisure Knockout Tournament"]
[Site "SchemingMind.com"]
[Date "2009.04.24"]
[Round "-"]
[White "reo"]
[Black "Oskyrain"]
[Result "0-1"]
[WhiteCountry "THA"]
[BlackCountry "ARG"]
[WhiteElo "1841"]
[WhiteRD "72"]
[BlackElo "2329"]
[BlackRD "111"]
[GameID "201300"]

1. d4 Nf6 2. c4 e6 3. Nc3 Bb4 4. Qc2 O-O 5. a3 Bxc3+ 6. Qxc3 b6 7. Bg5 Bb7 8. e3 d6 9. f3 Nbd7 10. Bd3 c5
11. Ne2 Rc8 12. O-O h6 13. Bh4 Ba6 14. b4 cxd4 15. Qxd4 Ne5 16. b5 Bb7 17. e4 Qc7 18. Rac1 Rfd8 19. Bxf6 gxf6 20. Rc3 Qc5
21. Rd1 Qxd4+ 22. Nxd4 d5 23. exd5 Bxd5 24. Be2 Bxc4 25. Bxc4 Rxc4 26. Rxc4 Nxc4
0-1

[Event "Leisure Knockout Tournament"]
[Site "SchemingMind.com"]
[Date "2009.04.21"]
[Round "-"]
[White "Oskyrain"]
[Black "reo"]
[Result "1-0"]
[WhiteCountry "ARG"]
[BlackCountry "THA"]
[WhiteElo "2329"]
[WhiteRD "111"]
[BlackElo "1841"]
[BlackRD "72"]
[GameID "201308"]

1. e4 c5 2. Nf3 d6 3. d4 cxd4 4. Nxd4 Nf6 5. Nc3 a6 6. Bg5 e6 7. f4 Qb6 8. Qd2 Qxb2 9. Rb1 Qa3 10. f5 Nc6
11. fxe6 fxe6 12. Nxc6 bxc6 13. e5 dxe5 14. Bxf6 gxf6 15. Ne4 Qxa2 16. Rd1 Be7 17. Be2 O-O 18. O-O Ra7 19. Rf3 Rd7 20. Qh6 Rxd1+
21. Bxd1 Rf7 22. Rg3+ Kh8 23. Qh5 Qa5 24. Kf1 Qd8 25. Qxf7 Qxd1+ 26. Kf2 Qxc2+ 27. Kf1 Qc4+ 28. Kf2 Qd4+ 29. Re3
1-0

[Event "Leisure Knockout Tournament"]
[Site "SchemingMind.com"]
[Date "2009.05.26"]
[Round "-"]
[White "ApolloM"]
[Black "Mitchell-in"]
[Result "1-0"]
[WhiteCountry "CZE"]
[BlackCountry "ENG"]
[WhiteElo "2222"]
[WhiteRD "110"]
[BlackElo "1786"]
[BlackRD "63"]
[GameID "206052"]

1. d4 d5 2. c4 e5 3. dxe5 d4 4. Nf3 Nc6 5. g3 Be6 6. Nbd2 Qd7 7. Bg2 O-O-O 8. O-O Nge7 9. a3 Ng6 10. b4 Ngxe5
11. Qa4 Nxc4 12. Nxc4 Bxc4 13. b5 Bxe2 14. bxc6 Qxc6 15. Qxa7 Bxf1 16. Bxf1 Qxf3= 17. Qa8+ Kd7 18. Bb5+ Ke7 19. Bg5+ f6 20. Re1+
1-0

[Event "Leisure Knockout Tournament"]
[Site "SchemingMind.com"]
[Date "2009.05.26"]
[Round "-"]
[White "Mitchell-in"]
[Black "ApolloM"]
[Result "0-1"]
[WhiteCountry "ENG"]
[BlackCountry "CZE"]
[WhiteElo "1757"]
[WhiteRD "64"]
[BlackElo "2229"]
[BlackRD "113"]
[GameID "206057"]

1. e4 e6 2. d4 d5 3. Nd2 c5 4. exd5 exd5 5. Ngf3 Nf6 6. c3 Nc6 7. Be2 cxd4 8. Nxd4 Nxd4 9. cxd4 Bd6 10. O-O O-O
11. Nf3 Bf5 12. Bg5 h6 13. Bh4 Re8 14. Bd3 Be4 15. Re1 g5 16. Bg3 Bxg3 17. hxg3 Qb6 18. Bxe4 dxe4 19. Ne5 Rad8 20. Ng4 Nxg4
21. Qxg4 Rxd4 22. Qh5 Re7 23. Rac1 Rd2
0-1

[Event "Leisure Knockout Tournament"]
[Site "SchemingMind.com"]
[Date "2009.09.17"]
[Round "-"]
[White "surkimus"]
[Black "ApolloM"]
[Result "0-1"]
[WhiteCountry "FIN"]
[BlackCountry "CZE"]
[WhiteElo "1910"]
[WhiteRD "87"]
[BlackElo "2248"]
[BlackRD "120"]
[GameID "219539"]

1. e4 e6 2. d4 d5 3. Nc3 Nf6 4. e5 Nfd7 5. f4 c5 6. Nf3 Nc6 7. Be3 cxd4 8. Nxd4 Bc5 9. Qd2 O-O 10. O-O-O a6
11. Qf2 Bxd4 12. Bxd4 b5 13. Be3 b4 14. Na4 a5 15. h4 f6 16. exf6 Nxf6 17. Qf3 e5 18. h5 Bg4 19. Qg3 Bxd1 20. Kxd1 Ne4
0-1

[Event "Leisure Knockout Tournament"]
[Site "SchemingMind.com"]
[Date "2009.09.17"]
[Round "-"]
[White "ApolloM"]
[Black "surkimus"]
[Result "1-0"]
[WhiteCountry "CZE"]
[BlackCountry "FIN"]
[WhiteElo "2261"]
[WhiteRD "121"]
[BlackElo "1904"]
[BlackRD "92"]
[GameID "219544"]

1. e4 e5 2. Nf3 Nc6 3. Bb5 a6 4. Ba4 Nf6 5. O-O Be7 6. Re1 b5 7. Bb3 O-O 8. c3 d5 9. exd5 Nxd5 10. Nxe5 Nxe5
11. Rxe5 c6 12. d4 Bd6 13. Re1 Qh4 14. g3 Qh3 15. Re4 g5 16. Qf1 Qxf1+ 17. Kxf1 Bf5 18. Nd2 Rae8 19. f3 Nf6 20. Rxe8 Rxe8
21. Kf2 g4 22. a4 Bd3 23. Bd1 h5 24. axb5 axb5 25. Nb3 gxf3 26. Bxf3 Ng4+ 27. Kg2
1-0